Introduction to plant biochemistry

Uloženo v:
Podrobná bibliografie
Hlavní autor: Goodwin, Trevor Walworth
Další autoři: Mercer, E. I
Médium: Kniha
Jazyk:angličtina
Vydáno: Oxford Pergamon Press 1983
Vydání:Segunda edición
Edice:Pergamon International Library of Science
Témata:
Tagy: Přidat tag
Žádné tagy, Buďte první, kdo vytvoří štítek k tomuto záznamu!

MARC

LEADER 00000nam a2200000 a 4500
001 UCL4693
003 CL-VaPUC
005 20210909074850.0
008 040123e19830000UK |||||||||||||||||eng|d
999 |c 307485  |d 307483 
020 |a 00802449213 
040 |c Pontificia Universidad Católica de Valparaíso 
082 0 4 |a 581 GOO 1983  |2 21 
100 |a Goodwin, Trevor Walworth  |9 616580 
245 1 0 |a Introduction to plant biochemistry 
250 |a Segunda edición 
260 0 3 |a Oxford  |b Pergamon Press  |c 1983 
300 |a 677 páginas 
490 0 |a Pergamon International Library of Science 
583 |a last modification  |c 20040123 00:00:00  |k Rodrigo Vera 
650 0 |a Botánica  |9 264202 
650 0 |a Biología de las plantas  |9 432723 
650 0 |a Reacciones químicas  |9 259438 
700 0 |a Mercer, E. I  |9 482332 
942 |c BK  |2 ddc 
945 |d 20040123 00:00:00  |a cmena 
952 |0 0  |1 0  |2 ddc  |4 0  |6 581_000000000000000_GOO_1983  |7 0  |8 A  |9 373459  |a BIBCUR  |b BIBCUR  |d 2019-11-21  |i 2110393  |o 581 GOO 1983  |p 2110393  |r 2025-04-22  |t 1  |w 2019-11-21  |y BK  |k BIO